Normal view MARC view

Entry Personal Name

Number of records used in: 2

001 - CONTROL NUMBER

  • control field: 710044

003 - CONTROL NUMBER IDENTIFIER

  • control field: OSt

005 - DATE AND TIME OF LATEST TRANSACTION

  • control field: 20221007120817.0

008 - FIXED-LENGTH DATA ELEMENTS

  • fixed length control field: 221007|| aca||aabn | a|a d

040 ## - CATALOGING SOURCE

  • Original cataloging agency: OSt
  • Transcribing agency: OSt

100 ## - HEADING--PERSONAL NAME

  • Personal name: Alberts Bruce^eand others

670 ## - SOURCE DATA FOUND

  • Source citation: Work cat.: (OSt)1208039: Alberts Bruce^eand others, Essential cell biology: An introduction to the molecular biology of the cell, 1998
Copyright @ Delhi University Library System